IMP. CAES. NERVA TRAIANVS AVG. / (Record no. 13541)

MARC details
000 -LEADER
campo de control de longitud fija 00709nam a2200229 i 4500
001 - NÚMERO DE CONTROL
campo de control 13541
003 - IDENTIFICADOR DE NÚMERO DE CONTROL
campo de control ES-MaACL
005 - FECHA Y HORA DE LA ÚLTIMA TRANSACCIÓN
campo de control 20230906150617.0
007 - CAMPO FIJO DE DESCRIPCIÓN FÍSICA--INFORMACIÓN GENERAL
campo de control de longitud fija t|
008 - DATOS DE LONGITUD FIJA--INFORMACIÓN GENERAL
campo de control de longitud fija 980514s1993 sp ||||1| spa d
020 ## - NÚMERO INTERNACIONAL ESTÁNDAR DEL LIBRO
Número Internacional Estándar del Libro 84-7898-042-3
080 ## - NÚMERO DE LA CLASIFICACIÓN DECIMAL UNIVERSAL
Número de la Clasificación Decimal Universal 929 Trajano (37)
245 00 - MENCIÓN DEL TÍTULO
Título IMP. CAES. NERVA TRAIANVS AVG. /
Mención de responsabilidad, etc. Julián González (ed.).
260 ## - PUBLICACIÓN, DISTRIBUCIÓN, ETC.
Lugar de publicación, distribución, etc. Sevilla :
Nombre del editor, distribuidor, etc. Alfar,
Fecha de publicación, distribución, etc. 1993.
300 ## - DESCRIPCIÓN FÍSICA
Extensión 328 p. :
Otras características físicas il. ;
Dimensiones 22 cm.
490 1# - MENCIÓN DE SERIE
Mención de serie Alfar universidad ;
Designación de volumen o secuencia 72.
Mención de serie Monografías
600 14 - PUNTO DE ACCESO ADICIONAL DE MATERIA--NOMBRE DE PERSONA
Nombre de persona Trajano
Títulos y otros términos asociados al nombre Emperador de Roma.
9 (RLIN) 111214
700 1# - ENTRADA AGREGADA--NOMBRE PERSONAL
Nombre de persona González, Julián.
9 (RLIN) 58345
830 0# - PUNTO DE ACCESO ADICIONAL DE SERIE-TÍTULO UNIFORME
Título uniforme Alfar universidad ;
Designación de volumen o secuencia 72.
Título uniforme Monografías
9 (RLIN) 228429
852 ## - LOCALIZACIÓN
Ubicación ES-MaACL
Número de control de estantería L-20889
Sublocalización o colección R.121820
Holdings
Estatus retirado Estado de pérdida Estado de daño No para préstamo Biblioteca de origen Biblioteca actual Ubicación en estantería Fecha de adquisición Fuente de adquisición Total de préstamos Signatura topográfica completa Código de barras Visto por última vez Precio de reemplazo Tipo de ítem Koha
        Biblioteca del Ateneo de Madrid Biblioteca del Ateneo de Madrid Depósito 2 17/01/2008     L-20889 1013785 23/02/2023 23/02/2023 Libro impreso